Normal view MARC view

Entry Topical Term

Number of records used in: 3

001 - CONTROL NUMBER

  • control field: 41449

003 - CONTROL NUMBER IDENTIFIER

  • control field: dpl

005 - DATE AND TIME OF LATEST TRANSACTION

  • control field: 20120210111715.0

008 - FIXED-LENGTH DATA ELEMENTS

  • fixed length control field: 120210|||a|||||| | ||| d

040 ## - CATALOGING SOURCE

  • Original cataloging agency: dpl
  • Transcribing agency: dpl

150 ## - HEADING--TOPICAL TERM

  • Topical term or geographic name as entry element: भगवदगीता
  • General subdivision: समालोचना, व्याख्या

670 ## - SOURCE DATA FOUND

  • Source citation: Work cat.: (dpl)33192: भारद्वाज, भगवानशरण 41447, कर्मयोग है कर्मों द्वारा प्रभु की पूजा /, 2008

670 ## - SOURCE DATA FOUND

  • Source citation: Work cat.: (dpl)33192: भारद्वाज, भगवानशरण 41447, कर्मयोग है कर्मों द्वारा प्रभु की पूजा /, 2008

© Delhi Public Library
Hit Counter
free hit counter